K otázce hlavního oltáře kostela Nanebevzetí Panny Marie v Netolicích v 18. století

Titel: K otázce hlavního oltáře kostela Nanebevzetí Panny Marie v Netolicích v 18. století
Verfasser:
In: Zlatá stezka, Band 15 (2008), Seite 331-332
alle Artikel anzeigen
Veröffentlicht: 2008
Format: Aufsatz
Sprache: Tschechisch
Kein Bild verfügbar
X
alg: 39516129
001A    $01999:12-11-16 
001B    $01999:09-08-21 $t17:41:33.000 
001C    $06050:19-11-16 $t22:36:42.000 
001D    $01999:12-11-16 
001U    $0utf8 
001X    $00 
002@    $0Aox 
003@    $0395161290 
007A    $0395161290 $aHEB 
007T    $0Herdp34560 
010@    $acze 
011@    $a2008 
021A    $aK otázce hlavního oltáře kostela Nanebevzetí Panny Marie v Netolicích v 18. století 
028A    $aStarý $dVáclav 
031A    $d15 $h331-332 $j2008 
039B    $aIn $8--Abvc--. Zlatá stezka. - Prachatice, 1994- $x200800000150000669 $9070440182 
039T    $8--Aox--Ourodová, Ludmila. Křížová cesta z kostela sv, 2005-2006[2006] $9393477150 
045F    $a900.94371 $eDDC23BSB 
045F/01 $a900 
045F/03 $g4371 
045T    $a7,41 

lok: 39516129 78

exp: 39516129 78 1 #EPN
201B/01 $026-11-17 $t04:02:04.000 
201U/01 $0utf8 
203@/01 $0791465888 
208@/01 $a12-11-16 $be 
209A/01 $a/ $f000 $x00 
220C/01 $aHerkunft: Hú Av Čr Praha 
244Z/01 $#Tschechien $#Tschechische Republik $#Tschechische Republik $#Tschechenland $#Tschechei Tschechien $#Česká Republika $#Czech Republic $#ČR $74303381-7 $8--Tg1--Tschechien $x01 $9086659812 
244Z/01 $2Trx $#Böhmen $#Bohemia $#Czechy $8--Trx--Čechy $x02 $9391188941 
244Z/01 $2Trx $#arvustused $#recenzijos $#Reviews $#recenziók $#recenzje $#recenzie $#recenze $8--Trx--Rezensionen $x03 $9391357441 
247C/01 $82080>Marburg/Lahn, Herder-Institut, Forschungsbibliothek, Bibliographieportal $9336309341
LEADER 00000caa a22000002c 4500
001 395161290
003 DE-603
005 20210809174133.0
007 tu
008 161112s2008 xx |||| | u00||u|cze c
035 |a (DE-599)HEB395161290 
040 |a DE-603  |b ger  |c DE-603  |d DE-603 
041 |a cze 
082 0 4 |8 1\u  |a 900.94371  |q DE-101  |2 23/BSB 
084 |a 7,41  |2 ssgn 
085 |8 1\u  |b 900 
085 |8 1\u  |z 2  |s 4371 
100 1 |a Starý, Václav 
245 0 0 |a K otázce hlavního oltáře kostela Nanebevzetí Panny Marie v Netolicích v 18. století 
264 0 |c 2008 
773 0 8 |i In  |t Zlatá stezka  |d Prachatice, 1994-  |g Band 15 (2008), Seite 331-332  |w (DE-603)070440182  |w (DE-600)1344104-8 
787 0 8 |i Rezension von  |a Ourodová, Ludmila  |t Křížová cesta z kostela sv  |w (DE-603)393477150 
924 0 |9 2080  |a (DE-603)791465888  |b DE-2080  |c HES  |d d  |g /